000 00696nam a2200217Ii 4500
003 JO-AjNU
008 230605s9999||||xx |||||||||||||| ||und||
020 _a9953-32-091-8
040 _aJO-AjNU
_bara
_erda
_cJO-AjNU
041 _aara
050 1 4 _aBP130.4.J2.2007
100 3 _aجلال الدين المحلي ، جلال الدين السيوطي,
_eauthor
_926889
245 0 0 _aتفسير الجلالين 
250 _aط1
264 3 1 _aبيروت : مؤسسة الرسالة، 2007
300 _a815ص
336 _atext
_btxt
_2rdacontent
337 _aunmediated
_bn
_2rdamedia
338 _avolume
_bnc
_2rdacarrier
650 4 _aالقرآن -- تفاسير مأثورة
_926890
999 _aA10244
_c13812
_d13812